| 000 | 00424nam a2200181Ia 4500 | ||
|---|---|---|---|
| 005 | 20240813065633.0 | ||
| 008 | 240331s9999 xx 000 0 und d | ||
| 020 | _a0745301738 | ||
| 082 | _a401 | ||
| 100 | _aChilton, Paul | ||
| 245 | 0 | _aOrwellian Language and the Media | |
| 260 |
_aLondon _bPluto press _c1988 |
||
| 300 | _aviii, 127 p ., | ||
| 650 | _aScience | ||
| 650 | _aPolitical | ||
| 650 | _aMedia | ||
| 942 | _cL | ||
| 999 |
_c2995 _d2995 |
||